000 00469nam a2200181Ia 4500
001 880
005 20260306140550.0
008 260306t1994||||xx |||||||||||||| ||spa||
041 _aESP
082 _a171.2
_bM58
100 _aMillán-Puelles, Antonio
_eAUT
245 0 _aLa libre afirmación de nuestro ser:
_buna fundamentación de la ética realista
260 _c1994
300 _a560 páginas :
_c
650 _aGEN
654 _aCHU
942 _cLIB
_dJUS
_fJUS
_2ddc
_n
999 _c880
_d880